Native languages of people living in Finland - Statistics

General Stats
  • This quiz has been taken 2,638 times
  • The average score is 15 of 24
Answer Stats
% Language % Correct
89,68 Finnish
99%
0,84 Other/unknown
99%
5,36 Swedish
99%
1,15 Russian
97%
0,71 Estonian
91%
0,27 English
89%
0,11 German
84%
0,10 Spanish
80%
0,06 French
79%
0,22 Arabic
78%
0,16 Chinese
75%
0,07 Polish
67%
0,04 Sami
67%
0,04 Italian
65%
0,11 Turkish
53%
0,27 Somali
49%
0,04 Romanian
45%
0,13 Thai
45%
0,12 Vietnamese
42%
0,04 Hungarian
37%
0,12 Persian
33%
0,17 Kurdish
22%
0,14 Albanian
20%
0,04 Bengali
17%
No matching quizzes found
Score Distribution
Percent of People with Each Score
Percentile by Number Answered
Your Score History
You have not taken this quiz